| 000 | 00352 a2200121 4500 | ||
|---|---|---|---|
| 000 | nam a22 7a 4500 | ||
| 005 | 20260316120036.0 | ||
| 020 | _a9781470473556 | ||
| 100 |
_aI. S. Krasil'shchik _91132147 |
||
| 245 | _aThe Diverse World of PDEs: Algebraic and Cohomological Aspects | ||
| 260 |
_bAmerican Mathematical Society _c2023 |
||
| 942 | _cTEXL | ||
| 999 |
_c1715490 _d1715490 |
||